|
|
|
|
| LEADER |
01255nam a2200325 4500 |
| 001 |
on1001809247 |
| 003 |
OCoLC |
| 005 |
20180501122037.0 |
| 006 |
m o d |
| 007 |
cr cnu---unuuu |
| 008 |
170824s2017 ne a ob 011 0 eng d |
| 040 |
|
|
|a OPELS
|b eng
|e rda
|e pn
|c OPELS
|d OCLCF
|d GrThAP
|
| 020 |
|
|
|a 9780128120842
|q (print)
|
| 035 |
|
|
|a (OCoLC)1001809247
|
| 050 |
|
4 |
|a QD96.N8
|
| 082 |
0 |
4 |
|a 543/.66
|2 23
|
| 049 |
|
|
|a TEFA
|
| 245 |
0 |
0 |
|a Annual reports on NMR spectroscopy.
|n Volume 92 /
|c edited by Graham A. Webb.
|
| 264 |
|
1 |
|a London :
|b Academic Press is an imprint of Elsevier,
|c 2017.
|
| 300 |
|
|
|a 1 online resource :
|b illustrations.
|
| 336 |
|
|
|a text
|b txt
|2 rdacontent
|
| 337 |
|
|
|a computer
|b c
|2 rdamedia
|
| 338 |
|
|
|a online resource
|b cr
|2 rdacarrier
|
| 588 |
0 |
|
|a Online resource; title from PDF title page (ScienceDirect, viewed August 24, 2017).
|
| 504 |
|
|
|a Includes bibliographical references and index.
|
| 650 |
|
0 |
|a Nuclear magnetic resonance spectroscopy.
|
| 650 |
|
7 |
|a Nuclear magnetic resonance spectroscopy.
|2 fast
|0 (OCoLC)fst01040333
|
| 655 |
|
4 |
|a Electronic books.
|
| 700 |
1 |
|
|a Webb, G. A.
|q (Graham Alan),
|d 1935-
|e editor.
|
| 856 |
4 |
0 |
|u https://www.sciencedirect.com/science/bookseries/00664103/92
|z Full Text via HEAL-Link
|